Find the 'G' Tube Stations Quiz Stats

Quiz not verified by Sporcle

Challenge
Share
Tweet
Score 0/10 Timer 04:00
0 Plays Today
% Correct
GP
84.8%
Gun
78.8%
GG
72.7%
GrH
69.7%
GPS
68.7%
Gre
68.7%
GaH
66.7%
GoR
66.7%
GlR
63.6%
GS
63.6%

You're not logged in!

Compare scores with friends on all Sporcle quizzes.
Sign Up with Email
OR
Log In

You Might Also Like...

Show Comments

Extras

Top Quizzes Today


Score Distribution

Your Account Isn't Verified!

In order to create a playlist on Sporcle, you need to verify the email address you used during registration. Go to your Sporcle Settings to finish the process.